Peasant women and politics in Fascist Italy : the Massaie rurali

Αποθηκεύτηκε σε:
Λεπτομέρειες βιβλιογραφικής εγγραφής
Κύριος συγγραφέας: Willson, Perry R.
Μορφή: Βιβλίο
Γλώσσα:English
Δημοσίευση: London : Routledge, 2002
Θέματα:
Ετικέτες: Προσθήκη ετικέτας
Δεν υπάρχουν, Καταχωρήστε ετικέτα πρώτοι!

MARC

LEADER 00000nam a2200000 i 4500
001 1/94539
008 080925s2002 eng d
020 |a 978-0-415-29171-2 (pbk.) 
020 |a 0-415-29171-2 (pbk.) 
035 |l 10100440 
040 |a GR-MY-UA  |b gre  |e aacr 
041 0 |a eng 
082 0 |a 324.24502  |2 (22) 
100 1 |a Willson, Perry R. 
245 1 0 |a Peasant women and politics in Fascist Italy :  |b the Massaie rurali /  |c Perry Willson 
260 |a London :   |b Routledge,   |c 2002 
300 |a xiii, 221 σ.;  |b εικ., 1 χάρτης;  |c 24 εκ. 
504 |a Περιέχει βιβλιογραφικές παραπομπές και ευρετήριο 
610 2 0 |a Partito nazionale fascista (Italy)  |x History. 
650 0 0 |a Women peasants  |z Italy  |x Political activity  |x History  |y 20th century. 
650 0 0 |a Fascism and women  |z Italy  |x History  |y 20th century. 
852 |a INST  |b LESVOS  |e 20080925  |h 324.24502 WIL  |p 005100044382  |q 005100044382  |t BK  |y 0 
901 |a BIBL1-2008-3 
909 |a Λ  |b 151536 
922 |a 1ΕΛΗ  |b 200803  |c ΕΠΕΑΕΚ2/ΤΚΑ  |d ΠΑΠΑΣΩΤΗΡΙΟΥ 
970 |a ΓΙΑΛΑΜΑ  |b ΜΑΡΙΑ  |z 2008/09/25